[Event "FIDE Disabilities Olym"]
[Site "Belgrade"]
[Date "2023.02.02"]
[Round "?"]
[White "Ibraimov, Kubanychbek"]
[Black "Bozinovic, Bogdan"]
[Result "0-1"]
[WhiteElo "1316"]
[BlackElo "2131"]
[PlyCount "94"]
[EventDate "2023.01.30"]
[EventType "team-swiss"]
[EventRounds "6"]
[EventCountry "SRB"]
[SourceTitle "CBM 212 Extra"]
[Source "ChessBase"]
[SourceDate "2023.03.31"]
[SourceVersion "1"]
[SourceVersionDate "2023.03.31"]
[SourceQuality "1"]
[WhiteTeam "Kyrgyzstan"]
[BlackTeam "Croatia"]
[WhiteTeamCountry "KGZ"]
[BlackTeamCountry "CRO"]

1. e4 c5 2. Nf3 Nf6 3. Nc3 d6 4. Bc4 e6 5. d3 a6 6. a4 Be7 7. 0-0 Nc6 8. Re1 Qc7 9. Bg5 0-0 10. Bh4 b6 11. Bg3 Ne5 12. Nd2 Bb7 13. f4 Nxc4 14. Nxc4 d5 15. exd5 exd5 16. Nxb6 Rae8 17. a5 Bd6 18. Rf1 d4 19. Nca4 g6 20. Nc4 Nd5 21. Nab6 Qc6 22. Nxd5 Qxd5 23. Qd2 Bc7 24. Rae1 f5 25. Ne5 Bxa5 26. c3 dxc3 27. bxc3 Bxc3 28. Qc2 Bxe1 29. Rxe1 Rb8 30. Nf3 Rfe8 31. Rc1 Re3 32. Ne5 Re8 33. Qc4 Re2 34. Qxd5+ Bxd5 35. Nd7 R8e6 36. Rxc5 Rc6 37. d4 Rxc5 38. dxc5 Kf7 39. Bf2 Rc2 40. h4 a5 41. h5 gxh5 42. Bd4 Rxg2+ 43. Kf1 Rc2 44. Ke1 h4 45. Kd1 Be4 46. Nf6 Rc4 47. Ba1 h3 0-1